| 000 | 00000nam##2200000za#4500 |
| 001 | 9.688705 |
| 003 | CaOODSP |
| 005 | 20210624231543 |
| 007 | cr ||||||||||| |
| 008 | 150407|2005||||xxc|||||o f|0| 0 eng|d |
| 040 | |aCaOODSP|beng |
| 043 | |an-cn--- |
| 086 | 1 |aE84-12/2005E-PDF |
| 110 | 1 |aCanada.|bInternational Centre for Human Rights and Democratic Development. |
| 245 | 10|aFundamentalisms and human rights : |h[electronic resource]|breport of the meeting (summary version), Montreal, 12-14 May 2005 / |c[by] Jan Bauer. |
| 260 | |bInternational Centre for Human Rights and Democratic Development |c2005. |
| 300 | |a68p. |
| 590 | |a06-10-Supp|b2006-12-15 |
| 690 | 07|aCulture|2gcpds |
| 690 | 07|aGlobalization|2gcpds |
| 690 | 07|aHuman rights|2gcpds |
| 690 | 07|aPolitics|2gcpds |
| 690 | 07|aReligion|2gcpds |
| 690 | 07|aSocial equity|2gcpds |
| 690 | 07|aStatus of women|2gcpds |
| 775 | 08|tLes fondamentalismes et les droits humains : |w(CaOODSP)9.633122 |
| 856 | 40|ahttp://publications.gc.ca|qPDF|s875 KB|uhttps://publications.gc.ca/collections/Collection/E84-12-2005E.pdf |